Better villages, (Record no. 542485)
[ view plain ]
| 000 -LEADER | |
|---|---|
| fixed length control field | 00715cam a22001811 4500 |
| 082 ## - DEWEY DECIMAL CLASSIFICATION NUMBER | |
| Classification number | 307.762 |
| Author Mark | BRA |
| -- | L-28,P-23 |
| 100 1# - MAIN ENTRY--PERSONAL NAME | |
| Personal name | Brayne, F. L. |
| 9 (RLIN) | 37667 |
| 245 10 - TITLE STATEMENT | |
| Title | Better villages, |
| Statement of responsibility, etc. | by F. L Brayne... With a foreword by by Major Sirdar the Honable Sir Sikander Hyat-Khan... |
| 260 ## - PUBLICATION, DISTRIBUTION, ETC. | |
| Place of publication, distribution, etc. | [London, |
| -- | New York, |
| -- | Bombay, etc.] |
| Name of publisher, distributor, etc. | H. Milford, Oxford University press, |
| Date of publication, distribution, etc. | 1937. |
| 300 ## - PHYSICAL DESCRIPTION | |
| Extent | xiv p., 1 1., 304 p. |
| Other physical details | incl. front., illus. |
| Dimensions | 18 1/2 cm. |
| 500 ## - GENERAL NOTE | |
| General note | "First published 1937." |
| 500 ## - GENERAL NOTE | |
| General note | "Some handy books for rural workers" : p. [288]-290. |
| 500 ## - GENERAL NOTE | |
| General note | Printed in India. |
| 526 ## - STUDY PROGRAM INFORMATION NOTE | |
| Program name | 0 |
| Interest level | 0 |
| Reading level | 0 |
| Title point value | 307_762000000000000_BRA |
| 650 #0 - SUBJECT ADDED ENTRY--TOPICAL TERM | |
| Topical term or geographic name entry element | MCE |
| 9 (RLIN) | 379 |
| 650 #0 - SUBJECT ADDED ENTRY--TOPICAL TERM | |
| Topical term or geographic name entry element | Villages |
| Geographic subdivision | India |
| -- | Punjab. |
| 9 (RLIN) | 37668 |
| 942 ## - ADDED ENTRY ELEMENTS (KOHA) | |
| Source of classification or shelving scheme | |
| Koha item type | Book |
| Withdrawn status | Lost status | Source of classification or shelving scheme | Damaged status | Not for loan | Permanent Location | Current Location | Date acquired | Total Checkouts | Full call number | Barcode | Date last seen | Price effective from | Koha item type |
|---|---|---|---|---|---|---|---|---|---|---|---|---|---|
| Military College of Engineering (MCE) | Military College of Engineering (MCE) | 01/01/2014 | 307.762 BRA | MCE-1872 | 01/01/2014 | 01/01/2014 | Book |
